Štátna podpora exportu ako nástroj rastu konkurenčnej výkonnosti ekonomiky Slovenskej republiky dizertačná práca
Salvato in:
| Autore principale: | |
|---|---|
| Ente Autore: | |
| Altri autori: | |
| Natura: | Libro |
| Lingua: | slovacco |
| Pubblicazione: |
Bratislava
2009
|
| Soggetti: | |
| Tags: |
Nessun Tag, puoi essere il primo ad aggiungerne!!
|
MARC
| LEADER | 00000nam$a2200000$$$4500 | ||
|---|---|---|---|
| 001 | 0111081 | ||
| 005 | 20221207101338.6 | ||
| 041 | 0 | |a slo | |
| 044 | |a SK | ||
| 245 | 1 | 0 | |a Štátna podpora exportu ako nástroj rastu konkurenčnej výkonnosti ekonomiky Slovenskej republiky |b dizertačná práca |c Denisa Petríková ; škol. Ľudomír Šlahor |
| 264 | 1 | |a Bratislava |c 2009 | |
| 300 | |a 183 s. | ||
| 610 | 2 | 0 | |a vývoz |
| 610 | 2 | 0 | |a konkurencieschopnosť |
| 610 | 2 | 0 | |a výkonnosť ekonomiky |
| 610 | 2 | 0 | |a podpora vývozu |
| 610 | 2 | 0 | |a Slovensko |
| 100 | 1 | |a Petríková, Denisa | |
| 700 | 1 | |a Šlahor, Ľudomír | |
| 710 | 2 | |a Obchodná fakulta EU. Katedra medzinárodného obchodu | |